00315nam a2200121Ia 4500008004100000041000800041082001500049100002300064245002300087260004800110300002400158365001100182240624s9999 xx 000 0 und d aeng a891.43 PAR aPARSAI HARISHANKAR aJANE PAHACHANE LOG c2012aNew DelhibRajkamal Prakashan Pvt Ltd a125 : p. : cm. ; 18 cRSb25